Vplyv objektívnych faktorov na optimálne rozhodovanie spotrebiteľa

Ekonomický model spotrebiteľovho správania. Spotrebiteľ, ktorý sa správa racionálne si obstaráva také tovary alebo služby, ktoré budú maximalizovať pocit jeho uspokojenia a ktoré si môže dovoliť realizovať vzhľadom na výšku svojho príjmu. Takéto správanie spotrebiteľa predstavuje voľbu optimálnej (...

Full description

Saved in:
Bibliographic Details
Main Author: Ščepková, Jana
Format: Book Chapter
Language:Slovak
Subjects:
Tags: Add Tag
No Tags, Be the first to tag this record!

MARC

LEADER 00000nla$a2200000$$$4500
001 0068247
005 20240502071825.8
041 0 |a slo 
044 |a SK 
245 1 0 |a Vplyv objektívnych faktorov na optimálne rozhodovanie spotrebiteľa  |c Jana Ščepková 
520 |a Ekonomický model spotrebiteľovho správania. Spotrebiteľ, ktorý sa správa racionálne si obstaráva také tovary alebo služby, ktoré budú maximalizovať pocit jeho uspokojenia a ktoré si môže dovoliť realizovať vzhľadom na výšku svojho príjmu. Takéto správanie spotrebiteľa predstavuje voľbu optimálnej (rovnovážnej) spotrebnej stratégie. Model rozhodovania spotrebiteľa. Objektívne faktory a zmena spotrebnej stratégie. 
610 2 0 |a správanie spotrebiteľa 
610 2 0 |a modely ekonomické 
610 2 0 |a dane z príjmov 
610 2 0 |a spotrebitelia 
610 2 0 |a dane spotrebné 
100 1 |a Ščepková, Jana